<?xml version="1.0" encoding="UTF-8"?>
<record
    xmlns:xsi="http://www.w3.org/2001/XMLSchema-instance"
    xsi:schemaLocation="http://www.loc.gov/MARC21/slim http://www.loc.gov/standards/marcxml/schema/MARC21slim.xsd"
    xmlns="http://www.loc.gov/MARC21/slim">

  <leader>     nam a22     7a 4500</leader>
  <datafield tag="999" ind1=" " ind2=" ">
    <subfield code="c">64662</subfield>
    <subfield code="d">64662</subfield>
  </datafield>
  <controlfield tag="005">20220629164813.0</controlfield>
  <controlfield tag="008">220629b        xxu||||| |||| 00| 0 eng d</controlfield>
  <datafield tag="040" ind1=" " ind2=" ">
    <subfield code="a">ANE</subfield>
  </datafield>
  <datafield tag="041" ind1=" " ind2=" ">
    <subfield code="a">Es</subfield>
  </datafield>
  <datafield tag="100" ind1=" " ind2=" ">
    <subfield code="a">Pa&#xFA;l C&#xF3;rdova Vinuesa</subfield>
  </datafield>
  <datafield tag="245" ind1=" " ind2=" ">
    <subfield code="a">Constituci&#xF3;n sin constitucionalismo problemas sobre los l&#xED;mites y controles al poder en el derecho constitucional</subfield>
  </datafield>
  <datafield tag="300" ind1=" " ind2=" ">
    <subfield code="a">45 p.</subfield>
  </datafield>
  <datafield tag="650" ind1=" " ind2=" ">
    <subfield code="a">Constituci&#xF3;n de 2008, Derecho Constitucional, poder, controles, contrapesos institucionales, presidencialismo</subfield>
  </datafield>
  <datafield tag="856" ind1=" " ind2=" ">
    <subfield code="u">http://documentacion.asambleanacional.gob.ec/alfresco/d/d/workspace/SpacesStore/7b92130f-dcb1-40be-84b0-041d9008f37c/Constituci%c3%b3n%20sin%20constitucionalismo%20problemas%20sobre%20los%20l%c3%admites%20y%20controles%20al%20poder%20en%20el%20derecho%20constitucional.pdf</subfield>
  </datafield>
  <datafield tag="942" ind1=" " ind2=" ">
    <subfield code="2">ddc</subfield>
    <subfield code="c">BV</subfield>
    <subfield code="z">Nr.</subfield>
  </datafield>
  <datafield tag="952" ind1=" " ind2=" ">
    <subfield code="0">0</subfield>
    <subfield code="1">0</subfield>
    <subfield code="2">ddc</subfield>
    <subfield code="4">0</subfield>
    <subfield code="7">0</subfield>
    <subfield code="a">AN01</subfield>
    <subfield code="b">AN01</subfield>
    <subfield code="d">2022-06-29</subfield>
    <subfield code="e">Donaci&#xF3;n</subfield>
    <subfield code="o">Documento</subfield>
    <subfield code="p">48161</subfield>
    <subfield code="r">2022-06-29</subfield>
    <subfield code="w">2022-06-29</subfield>
    <subfield code="y">BV</subfield>
  </datafield>
</record>
